000 00288nam a22001337a 4500
008 210301b ||||| |||| 00| 0 eng d
020 _a9781307079876
041 _aeng
080 _a615.83
100 _a8
101 _aEGZ
245 _aWellness
_cNorthwset Florida
942 _2udc
_cBK
999 _c55312
_d55312